Appellations of the Rhône Valley - Statistics

General Stats
  • This quiz has been taken 309 times
  • The average score is 8 of 14
Answers on the Map
Answers color-coded by a green-red scale on the quiz's map according to % correct below.
 
Answer Stats
Answer % Correct
Côte Rôtie
76%
Hermitage
74%
Châteauneuf-du-Pape
72%
Crozes-Hermitage
69%
Côtes-du-Rhône
67%
Condrieu
65%
Saint-Joseph
65%
Côtes-du-Rhône Villages
63%
Cornas
54%
Gigondas
50%
Lirac
46%
Tavel
46%
Vacqueyras
39%
Beaumes-de-Venise
38%
No matching quizzes found
Score Distribution
Percent of People with Each Score
Percentile by Number Answered
Your Score History
You have not taken this quiz